Los barnices y sus constituyentes : estudio y empleo de todas las materias primas que intervienen en la fabricación de los barnices /
Contiene: Aceites para barnices. Acidos. Monoglicéridos. Resinas naturales. Resinas naturales modificadas. Resinas sintéticas. Disolventes y diluyentes. Plastificantes. Los secantes y otros jabones metálicos. Antioxidantes. Asfaltos y breas. Ceras. Caucho.
Gorde:
| Egile nagusia: | |
|---|---|
| Formatua: | Liburua |
| Hizkuntza: | ingelesa |
| Argitaratua: |
Barcelona, España :
Reverté,
1949, c1949
|
| Gaiak: | |
| Etiketak: |
Etiketarik gabe, Izan zaitez lehena erregistro honi etiketa jartzen!
|
MARC
| LEADER | 00000nam^a2200000^a^4500 | ||
|---|---|---|---|
| 001 | 000092958 | ||
| 005 | 20250521000000.0 | ||
| 009 | 20260310092742.617 | ||
| 037 | |a Acervo ITESO - Biblioteca | ||
| 041 | |a ING | ||
| 082 | |a 667. 79 |b CHA | ||
| 100 | |a Chatfield, H.W. |e (autor) | ||
| 245 | 1 | 4 | |a Los barnices y sus constituyentes : |b estudio y empleo de todas las materias primas que intervienen en la fabricación de los barnices / |c H.W. Chatfield ; tr. por W. Kraemer Morata. |
| 264 | 4 | |a Barcelona, España : |b Reverté, |c 1949, c1949 | |
| 300 | |a 506 p. | ||
| 336 | |a texto |b txt |2 rdacontenido | ||
| 337 | |a sin mediación |b n |2 rdamedio | ||
| 338 | |a volumen |b nc |2 rdasoporte | ||
| 520 | |a Contiene: Aceites para barnices. Acidos. Monoglicéridos. Resinas naturales. Resinas naturales modificadas. Resinas sintéticas. Disolventes y diluyentes. Plastificantes. Los secantes y otros jabones metálicos. Antioxidantes. Asfaltos y breas. Ceras. Caucho. | ||
| 649 | |a XX | ||
| 650 | |a Barnices y Barnizado | ||
| 650 | |a Lacas y Laqueado | ||
| 650 | |a Colorantes | ||
| 650 | |a Pintura - |x Industria y Comercio | ||
| 650 | |a Recubrimientos | ||
| 650 | |a Ingeniería Química | ||
| 650 | |a Industria Química | ||
| 910 | |a Fondo General | ||
| 920 | |a Impresos - Libros | ||
| 930 | |a Colección General | ||
| 905 | |a 101 | ||
| 901 | |a 0500027590 |b IT1 |c ACC |u 20250521 | ||
| 902 | |a https://opac.biblio.iteso.mx/vufind/Record/000092958 | ||